Trách nhiệm dân sự trong trường hợp cứu giúp tài sản, tính mạng của người khác /

Bewaard in:
Bibliografische gegevens
Hoofdauteur: Nguyễn Minh Tuấn.
Formaat: Artikel
Taal:Vietnamese
Onderwerpen:
Tags: Voeg label toe
Geen labels, Wees de eerste die dit record labelt!
Thư viện lưu trữ: Thư viện Trường Đại học Đà Lạt
LEADER 00752nam a2200253 4500
001 DLU090076473
005 ##20090619
040 # # |a DLU  |b vie 
041 # # |a vie 
044 # # |a vn 
100 # # |a Nguyễn Minh Tuấn. 
245 # # |a Trách nhiệm dân sự trong trường hợp cứu giúp tài sản, tính mạng của người khác /  |c Nguyễn Minh Tuấn. 
653 # # |a Dân sự 
653 # # |a Trách nhiệm 
773 # # |t Luật học  |g Số 3, 1995, tr. 43-45 
920 # # |a Phòng Tạp chí -- Trung tâm Thông tin - Thư viện Trường Đại học Đà Lạt 
994 # # |a DLU 
900 # # |a True 
911 # # |a Nguyễn Thị Mai Anh 
925 # # |a G 
926 # # |a A 
927 # # |a BB 
980 # # |a Thư viện Trường Đại học Đà Lạt